Normal view
MARC view
- Akutamu Gege
Entry Personal Name
001 - CONTROL NUMBER
- control field: 7700
003 - CONTROL NUMBER IDENTIFIER
- control field: OSt
005 - DATE AND TIME OF LATEST TRANSACTION
- control field: 20230801142712.0
008 - FIXED-LENGTH DATA ELEMENTS
- fixed length control field: 230801|| aca||aabn | a|a d
040 ## - CATALOGING SOURCE
- Original cataloging agency: OSt
- Transcribing agency: OSt
100 ## - HEADING--PERSONAL NAME
- Personal name: Akutamu Gege
670 ## - SOURCE DATA FOUND
- Source citation: Work cat.: (OSt)12377: Akutamu Gege, Jujutsu Kaisen-4